| 000 | 02028cam a22004934i 4500 | ||
|---|---|---|---|
| 003 | PE-LiUPU | ||
| 005 | 20250731165502.0 | ||
| 008 | 150623s r 000 0 d | ||
| 035 | _a(Sirsi) a22592 | ||
| 035 | _a(Sirsi) a22592 | ||
| 040 |
_aPE-LiUPU _bspa _cPE-LiUPU _erda |
||
| 082 | 0 | 4 |
_a221.077 _bAO _221 |
| 245 | 0 | 0 |
_aUnd Mose schreib dieses Lied auf : _bStudien zum Alten Testament und zum alten Orient : Festschrift für Oswald Loretz zur Vollendung seines 70. Lebensjahres mit Beiträgen von Freunden, Schülern und Kollegen / _cunter Mitwirkung von Hanspeter Schaudig herausgegeben von Manfried Dietrich und Ingo Kottsieper. |
| 264 | 1 |
_aMünster : _bUgarit-Verlag, _c1998. |
|
| 300 |
_a955 páginas : _bilustraciones, cuadros ; _c25 cm. |
||
| 336 |
_atext _2rdacontent |
||
| 337 |
_aunmediated _2rdamedia |
||
| 338 |
_avolume _2rdacarrier |
||
| 505 | 0 | _aUnd mose schrieb dieses lied auf: studien zum Alten Testament und zum Alten Orient. | |
| 526 | _aSEG44 | ||
| 526 | _aSEG26 | ||
| 526 | _aP151 | ||
| 526 | _aP150 | ||
| 526 | _aP149 | ||
| 526 | _aP146 | ||
| 526 | _aP145 | ||
| 526 | _aP126 | ||
| 526 | _aP125 | ||
| 526 | _aP92 | ||
| 526 | _aP75 | ||
| 526 | _aP74 | ||
| 526 | _aP27 | ||
| 526 | _aP15 | ||
| 630 |
_aBiblia. _pA.T. _xCrítica, interpretación, etc. |
||
| 650 | 0 | 4 |
_aLiteratura Ugaritica _xHistoria y críticia. |
| 650 | 0 | 4 |
_aLiteratura Ugaritica _xRelación con el Antiguo Testamento. |
| 700 | 1 |
_aLoretz, Oswld, _eed. |
|
| 942 |
_2ddc _cBOOK |
||
| 949 |
_aRC 221.077 AO _wDEWEY _c1 _i46416 _lRC _mBUL _r0 _sY _tBOOK _u2015-6-24 _xTEOLOGIA _PP35 _0COMPRA _o.CIRCNOTE. No olvidar cambiar la fecha de devolución!!!!!!! _o.STAFF. Colección General |
||
| 994 |
_aC0 _bPEPRU |
||
| 596 | _a1 | ||
| 999 |
_aRC 221.077 AO _wDEWEY _c23180 _i46416 _f2021-11-8 _g6 _lCCODEBUL1 _mBUL _r1 _sY _tBOOK _u2015-6-24 _xTEOLOGIA _PP35 _0COMPRA _o.CIRCNOTE. No olvidar cambiar la fecha de devolución!!!!!!! _o.STAFF. Colección General _d23180 |
||
| 980 |
_81 _gALBERTO SANCHEZ Responsable de Automatización |
||